| 000 | 00517nam a22001937a 4500 | ||
|---|---|---|---|
| 005 | 20251108175349.0 | ||
| 008 | 250721s2004 xx 000 0 ara d | ||
| 020 | _a9770811505 | ||
| 082 | 1 | 4 | _aق/محم |
| 100 | 1 | _aمحمود، مصطفى | |
| 245 | 1 | 0 | _aشلة الانس / |
| 264 | 1 |
_aالقاهرة : _bدار اخبار اليوم، _c2004. |
|
| 300 | _a112 ص. | ||
| 650 | 1 | 7 | _aالقصص العربية |
| 650 | 1 | 7 | _aالأدب العربي |
| 650 | 1 | 7 | _aمصر |
| 942 |
_2ddc _cBK |
||
| 999 |
_c132374 _d132374 |
||